| 000 | 00903nas a2200313 4500 | ||
|---|---|---|---|
| 001 | BR0905300 | ||
| 003 | BR-BrBNA | ||
| 005 | 20231205113636.0 | ||
| 007 | ta | ||
| 008 | 230509b bl.|||p| |||| 00| 00por d | ||
| 040 |
_aBR-BrBNA _bpor _cBiblioteca Nacional de Agricultura |
||
| 041 | _a(Pt) | ||
| 072 | _aL73 | ||
| 100 | 1 | _aTatibana, B.T. | |
| 100 | 1 | _aSano, A. | |
| 100 | 1 | _aUno, J. | |
| 100 | 1 | _aMikami, Y. | |
| 100 | 1 | _aMiyaji, M. | |
| 100 | 1 | _aNishimura, K. | |
| 100 | 1 | _aItano, E.N. | |
| 245 | 1 | _aResposta imune humoral na paracoccidiodomicose experimental em camundongos ddY | |
| 650 | _aCAMUNDONGO | ||
| 650 | _aIMUNIDADE | ||
| 650 | _aEXPERIÊNCIA DE LABORATÓRIO | ||
| 650 | _aMICOSE | ||
| 773 | 0 |
_tSemina. Ciências Agrárias (Brazil) _xISSN 1676-546X _g(Apr-Jun 2007), v. 28(2) p. 287-294 _wBR0905300 |
|
| 909 |
_a202311 _bLúcia _c55 _dLúcia Elande |
||
| 942 |
_2AGRIS _n0 _cANA |
||
| 999 |
_c204845 _d204845 |
||